| 000 | 00718nam a22002411 4500 | ||
|---|---|---|---|
| 001 | 167 | ||
| 003 | BD-RjUL | ||
| 005 | 20211208233126.0 | ||
| 008 | 131109s1968 ii 001 0 eng | ||
| 035 | _a(BD-RjUL) 180 | ||
| 040 |
_aDLC _cDLC _dDLC _dBD-RjUL _beng |
||
| 041 | _aeng | ||
| 082 | 0 | 0 |
_a940.53 _216 _bMOE 1968 |
| 100 | 1 |
_aMookerjee, Girija Kanta. _9528 |
|
| 245 | 1 | 0 |
_aEurope at war, (1938-1946) : _bimpressions of war, Netaji and Europe / _c[by] Girija K. Mookerjee. |
| 260 |
_aMeerut, _bMeenakshi Prakashan _c1968. |
||
| 300 |
_avii, 296 p.; _c22 cm. |
||
| 504 | _aIncludes Index. | ||
| 526 |
_aLanguage. _bHistory. |
||
| 650 | 7 |
_zEurope. _9529 _aWorld War, 1939-1945 |
|
| 942 |
_2ddc _cBK |
||
| 999 |
_c167 _d167 |
||